Normal view MARC view

Entry Personal Name

Number of records used in: 2

001 - CONTROL NUMBER

  • control field: 75699

003 - CONTROL NUMBER IDENTIFIER

  • control field: dpl

005 - DATE AND TIME OF LATEST TRANSACTION

  • control field: 20250102124542.0

008 - FIXED-LENGTH DATA ELEMENTS

  • fixed length control field: 250102|| aca||aabn | a|a d

040 ## - CATALOGING SOURCE

  • Original cataloging agency: dpl
  • Transcribing agency: dpl

100 ## - HEADING--PERSONAL NAME

  • Personal name: मिश्रा, महेन्द्र कुमार

670 ## - SOURCE DATA FOUND

  • Source citation: Work cat.: (dpl)3350: मिश्रा, महेन्द्र कुमार, राष्ट्रीय पर्व एवं जयन्तियाँ/, 2006

© Delhi Public Library
Hit Counter
free hit counter